Henry Kissinger bůh či ďábel diplomacie
Gespeichert in:
| 1. Verfasser: | |
|---|---|
| Format: | Buch |
| Sprache: | Tschechisch |
| Veröffentlicht: |
Praha
Nakladatelství Epocha
2004
|
| Schlagworte: | |
| Tags: |
Keine Tags, Fügen Sie das erste Tag hinzu!
|
MARC
| LEADER | 00000nam$a2200000$$$4500 | ||
|---|---|---|---|
| 001 | 0070267 | ||
| 005 | 20240226103207.6 | ||
| 020 | |a 80-86328-48-1 | ||
| 041 | 0 | |a cze | |
| 044 | |a CZ | ||
| 245 | 1 | 0 | |a Henry Kissinger |b bůh či ďábel diplomacie |c Milan Syruček |
| 264 | 1 | |a Praha |b Nakladatelství Epocha |c 2004 | |
| 300 | |a 399 s. | ||
| 610 | 2 | 0 | |a politika medzinárodná |
| 610 | 2 | 0 | |a vzťahy medzinárodné |
| 610 | 2 | 0 | |a osobnosť |
| 610 | 2 | 0 | |a biografia |
| 610 | 2 | 0 | |a diplomacia |
| 610 | 2 | 0 | |a história |
| 610 | 2 | 0 | |a konflikty medzinárodné |
| 610 | 2 | 0 | |a poradcovia |
| 610 | 2 | 0 | |a prezidenti |
| 610 | 2 | 0 | |a USA |
| 610 | 2 | 0 | |a Kissinger, H. |
| 100 | 1 | |a Syruček, Milan | |